000 01585cam a2200445 i 4500
999 _c115034
_d115034
003 BJBSDDR
005 20230411090715.0
007 ta
008 130425s2013 sp 000 0 spa
020 _a9788483197899
020 _a8483197898
035 _a(SP-BaPL)pu130551978
040 _aDLC
_beng
_cDLC
041 _aspa
042 _apcc
043 _ae-sp---
050 1 4 _aBX 1585
_bL864p 2013
082 0 0 _a268
100 1 _aLópez Villaverde, Angel Luis,
_d1963-
245 1 3 _aEl poder de la iglesia en la España contemporánea :
_bla llave de las almas y de las aulas /
_cÁngel Luis López Villaverde.
264 1 _aMadrid :
_bLos Libros de la Catarata,
_c2013.
300 _a206 páginas ;
_c21 cm.
336 _atext
_2rdacontent
337 _aunmediated
_2rdamedia
338 _avolume
_2rdacarrier
490 0 _aSerie Estudios socioculturales ;
_v430
504 _aIncluye referencias bibliográficas (páginas 195-206).
610 2 0 _aCatholic Church
_zSpain
_xHistory
_y20th century.
610 2 0 _aCatholic Church
_zSpain
_xHistory
_y21st century.
610 2 4 _aIglesia Católica
_zEspaña
_xHistoria
650 0 _aChurch and state
_zSpain
_xHistory.
650 4 _aIglesia y estado
_zEspaña
_96793
650 0 _aChristianity and politics
_xCatholic Church.
650 4 _aCristianismo y política
_945
651 0 _aSpain
_xChurch history.
830 0 _928698
_aEstudios socioculturales ;
906 _a7
_bcbc
_corigres
_d2
_encip
_f20
_gy-gencatlg
942 _2lcc
_cBK